| 000 | 00973nam a22002177a 4500 | ||
|---|---|---|---|
| 999 |
_c20814 _d20814 |
||
| 003 | AR-CdUCM | ||
| 008 | 190606b ||||| |||| 00| 0 spa d | ||
| 040 |
_aMUNICIPALIDAD PROVINCIAL DEL CUSCO _cBIBLIOTECA MUNICIPAL DEL CUSCO |
||
| 082 |
_a382 / _bI61 |
||
| 110 |
_aInstituto nacional de planificación _931211 |
||
| 245 | _aIntercambio comercial con los países socialistas / | ||
| 260 |
_aLima : _bDepartamento de información y relaciones Públicas, _c1974. |
||
| 300 |
_a222 páginas ; _bGráficos, cuadros _c30 cm. |
||
| 440 |
_aDepartamento del comercio internacional _943480 |
||
| 505 | _aContenido : Modalidad de la política comercial de los países de economía centralmente planificada -- El comercio exterior del Perú y su intercambio con países de economía centralmente planificada... | ||
| 650 |
_aComercio exterior del Perú _943481 |
||
| 650 |
_aPolítica comercial _93878 |
||
| 650 |
_aAmérica latina _94491 |
||
| 942 |
_2ddc _cLIBROS |
||
| 945 | _arcc | ||